00325nam a2200121Ia 4500008004100000020001800041040001200059082001400071100002000085245004900105260004100154300000800195200103s9999||||xx |||||||||||||| ||und|| a9780070991842 aIMU-MPC aColumn-17 aThomas, Rebecca 0aAdvanced programmers guide to UNIX systems V bMcGraw-Hill Book Company, Inc.c1987 a575